Bullseye Blitz: TV! Quiz Stats

 Plays Quiz Updated Sep 25, 2019

Score 0/48 Timer 04:00
7 Plays Today
% Correct
Apu Nahasapeemapetilon
86.1%
Carrie Underwood
80.8%
Abe Simpson
79.2%
Carol
78.3%
Betty White
78.2%
Marcia
77.5%
Fantasia Barrino
77.1%
Ruben Studdard
76.6%
Ned Flanders
76%
Kelly Clarkson
75.2%
Jan
72.9%
Eric Idle
68.7%
Deep Space Nine
67.5%
Buck Henry
66.4%
John Goodman
66.4%
Modern Family
66.1%
Steve Martin
65.7%
Terry Gilliam
65.4%
John Cleese
64.8%
Moe Szyslak
64.6%
Cindy
61.8%
Voyager
61.2%
Seth MacFarlane
60.7%
Rue McClanahan
60.2%
% Correct
Estelle Getty
59.6%
Frasier
59.2%
Bea Arthur
58.4%
Mila Kunis
56.3%
24
55.7%
LOST
54.2%
Cheers
52.7%
Alec Baldwin
51.4%
Peter Capaldi
50.1%
Matt Smith
49.6%
Enterprise
47.1%
The Sopranos
46.9%
David Tennant
42.9%
Put on Makeup
40.6%
Meet the Muppets
39.1%
Light the Lights
38.3%
Seth Green
37.3%
Discovery
29.5%
The West Wing
28.4%
Christopher Eccleston
24.7%
All in the Family
24.6%
Play the Music
23%
Graham Chapman
22.7%
Alex Borstein
14.1%

You're not logged in!

Compare scores with friends on all Sporcle quizzes.
OR
Log In

Sporcle TV

Today on Sporcle TV


Watch our educational content, quiz creation guides, and fun videos on Sporcle TV.

Show Comments

Extras

Top Quizzes Today


Score Distribution

Your Account Isn't Verified!

In order to create a playlist on Sporcle, you need to verify the email address you used during registration. Go to your Sporcle Settings to finish the process.

Report this User

Report this user for behavior that violates our Community Guidelines.

Details: